Two-Face chase / (Record no. 8387)

MARC details
000 -LEADER
fixed length control field 00969nam a22002897a 4500
001 - CONTROL NUMBER
control field 8387
003 - CONTROL NUMBER IDENTIFIER
control field FISKH
005 - DATE AND TIME OF LATEST TRANSACTION
control field 20250910120428.0
008 - FIXED-LENGTH DATA ELEMENTS--GENERAL INFORMATION
fixed length control field 250910b cb ||||| |||| 00| 0 eng d
020 ## - INTERNATIONAL STANDARD BOOK NUMBER
International Standard Book Number 9780545552455
040 ## - CATALOGING SOURCE
Original cataloging agency FISKH
Language of cataloging eng
Transcribing agency FISKH
Modifying agency FISKH
082 ## - DEWEY DECIMAL CLASSIFICATION NUMBER
Classification number 434
100 ## - MAIN ENTRY--PERSONAL NAME
Personal name Lee, Quinlan B.
245 ## - TITLE STATEMENT
Title Two-Face chase /
Statement of responsibility, etc. Written By Quinlan B. Lee : Illustrated by Dave White
250 ## - EDITION STATEMENT
Edition statement First printing, January 2014
260 ## - PUBLICATION, DISTRIBUTION, ETC.
Place of publication, distribution, etc. New York :
Date of publication, distribution, etc. 2014.
Name of publisher, distributor, etc. Scholastic,
300 ## - PHYSICAL DESCRIPTION
Extent 14 unnumbered pages :
Other physical details color illustrations ;
Dimensions 19 cm .
490 ## - SERIES STATEMENT
Series statement LEGO DC Universe Super Heroes Phonics Book
Volume/sequential designation Book 6
505 ## - FORMATTED CONTENTS NOTE
Formatted contents note E <br/>
520 ## - SUMMARY, ETC.
Summary, etc. Help your kids learn to read with Lego DC Super Heroes. Includes short and long vowel sounds: A, E, I, O, U.<br/>
521 8# - TARGET AUDIENCE NOTE
Target audience note 260 <br/>
Source Lexile <br/>
521 8# - TARGET AUDIENCE NOTE
Target audience note E <br/>
Source Raz-Plus <br/>
650 ## - SUBJECT ADDED ENTRY--TOPICAL TERM
Topical term or geographic name entry element Superheroes
Form subdivision Children's Book
700 ## - ADDED ENTRY--PERSONAL NAME
Personal name White, Dave
Relator term Illustrator
942 ## - ADDED ENTRY ELEMENTS (KOHA)
Source of classification or shelving scheme Dewey Decimal Classification
Koha item type Books
Suppress in OPAC No
Holdings
Withdrawn status Lost status Source of classification or shelving scheme Damaged status Not for loan Collection Home library Current library Shelving location Date acquired Total Checkouts Full call number Barcode Date last seen Date last checked out Price effective from Koha item type
    Dewey Decimal Classification     Non-Fiction Footprints International School Library Network Toul Tom Poung Campus Footprints International School Library Network Toul Tom Poung Campus TTP Primary Green Bookshelves 09/10/2025 3 LEE 434 FISBK073163 01/09/2026 12/12/2025 09/10/2025 Books